000 01135nam a22003137a 4500
003 CHAP
005 20220329134033.0
008 971013s1973 r 00010 d
010 _a14465
011 _a15437
035 _a19513
040 _cCHAP
090 _aFolleto 4090
100 0 0 _aHernández Jasso, Arturo.
_954186
245 _aEfecto de las bajas temperaturas en la germinación, emergencia y primeras fases de desarrollo de la planta de algodonero (Gossypium hirsutum L.)
260 _aTorreón, Coah. :
_bCentro de Investigaciones Agrícolas del Noreste,
_c1973
300 _a13 p.
_b: cuadros
590 _aBATCH-UPD
_b10
_c20130109
_lUCH01
_h2355
590 _aBATCH-UPD
_b10
_c20130110
_lUCH01
_h2210
590 _aBATCH-UPD
_b10
_c20130409
_lUCH01
_h1928
590 _aBATCH-UPD
_b10
_c20130410
_lUCH01
_h1513
590 _aBATCH-UPD
_b10
_c20130914
_lUCH01
_h1610
590 _aCONVERSION
_b10
_c20130109
_lUCH01
_h1309
650 1 4 _aAlgodon
_xEfecto del clima.
_94000
650 1 4 _aTemperatura
_xEfecto en algodón.
_9112178
901 _aBK
942 _cFOLL
949 _aFolleto 4090
_bBC
_cFOLL
_d-45413
_eTS1
_i19513
_mD
_si
999 _c14465
_d14465